| 000 | 00962nam a22002417a 4500 | ||
|---|---|---|---|
| 999 |
_c14293 _d14293 |
||
| 003 | AR-CdUCM | ||
| 008 | 190422b ||||| |||| 00| 0 spa d | ||
| 020 | _a978-612-46496-3-6 | ||
| 040 |
_aMUNICIPALIDAD PROVINCIAL DEL CUSCO _cBIBLIOTECA MUNICIPAL DEL CUSCO |
||
| 082 |
_a398.0985 / _bR23 / |
||
| 100 |
_aRamírez Núñez, Yohny _933023 |
||
| 245 |
_aA imagen y semejanza del Perú : _btradiciones y tradicionistas nacionales / |
||
| 260 |
_aLima : _bEds. e Impresiones Andinas, _c2014. |
||
| 300 |
_a212 paginas ; _bIlustraciones, _c31 cm. |
||
| 505 | _aContenido :Una tradición culinaria para chuparse los dedos -- Los pregones limeños -- El ceviche, fusión de la cultura peruana -- La pachamanca... | ||
| 650 |
_a Cuentos de costumbres _933024 |
||
| 650 |
_aCocina peruana _933025 |
||
| 650 |
_aPerú. Festividades _933026 |
||
| 650 |
_aFolclore _93233 |
||
| 650 |
_aCuentos de costumbres _934 |
||
| 942 |
_2ddc _cLIBROS |
||
| 945 |
_awnts _d2019-04-22 |
||